[Event "Ch BLR U20 b"]
[Site "?"]
[Date "2015.04.02"]
[Round "1.1"]
[White "Savitski, A."]
[Black "Zarubitski, V."]
[Result "1/2-1/2"]
[WhiteElo "2188"]
[BlackElo "2196"]
[PlyCount "60"]
[EventDate "2015.??.??"]

1. e4 c5 2. Nf3 e6 3. c3 Nf6 4. e5 Nd5 5. d4 cxd4 6. cxd4 d6 7. Nc3 dxe5 8.
Nxe5 Bb4 9. Bd2 O-O 10. Bd3 Nc6 11. Nxc6 bxc6 12. O-O a5 13. Re1 Ba6 14. Bc2
Qf6 15. Qg4 h6 16. Rad1 Nxc3 17. bxc3 Bd6 18. Qe4 Rfc8 19. Re3 Bc4 20. Qh7+ Kf8
21. Rf3 Qh4 22. g3 Qh5 23. Bf4 Qxf3 24. Bxd6+ Ke8 25. Qxg7 Kd7 26. Rb1 Rcb8 27.
Bxb8 Bd5 28. Kf1 Bc4+ 29. Kg1 Bd5 30. Kf1 Bc4+ 1/2-1/2

[Event "Ch BLR U20 b"]
[Site "?"]
[Date "2015.04.02"]
[Round "1.2"]
[White "Filipets, E."]
[Black "Siagodnik, A."]
[Result "1/2-1/2"]
[WhiteElo "2260"]
[BlackElo "2264"]
[PlyCount "115"]
[EventDate "2015.??.??"]

1. d4 f5 2. c4 Nf6 3. Nc3 g6 4. h4 Bg7 5. h5 Nc6 6. h6 Bf8 7. Nf3 d6 8. Bf4 e6
9. d5 Nb8 10. dxe6 Bxe6 11. Ng5 Qd7 12. Qd4 Be7 13. Nxe6 Qxe6 14. Nd5 Kd7 15.
Nxe7 Qxe7 16. Bg5 Rf8 17. O-O-O Nc6 18. Qc3 Qe5 19. f3 Qxc3+ 20. bxc3 b6 21. e3
Ne5 22. Be2 Rae8 23. Kd2 Re6 24. Bxf6 Rexf6 25. f4 Nf7 26. g4 Re8 27. g5 Rfe6
28. Rh3 Nd8 29. Bf3 R6e7 30. e4 Ne6 31. exf5 Nxf4 32. Rh4 Ng2 33. Bxg2 Re2+ 34.
Kc1 Rxg2 35. fxg6 hxg6 36. Rf1 Rxg5 37. Rf7+ Kc6 38. h7 Rh8 39. Rg7 Rh5 40.
Rxh5 gxh5 41. Kd2 h4 42. Ke3 a6 43. Kf4 h3 44. Kg3 b5 45. cxb5+ axb5 46. Kxh3
d5 47. Kh4 b4 48. cxb4 d4 49. Kh5 Kb5 50. a3 d3 51. Rd7 Kc6 52. Rxd3 Rxh7+ 53.
Kg6 Re7 54. Kf5 Kb6 55. Rc3 Re1 56. Kf4 Re2 57. Kf3 Re1 58. Kf2 1/2-1/2

[Event "Ch BLR U20 b"]
[Site "?"]
[Date "2015.04.02"]
[Round "1.3"]
[White "Ziaziulkina, N."]
[Black "Nikitenko, M."]
[Result "1/2-1/2"]
[WhiteElo "2431"]
[BlackElo "2346"]
[PlyCount "87"]
[EventDate "2015.??.??"]

1. e4 d6 2. d4 e5 3. Nf3 exd4 4. Nxd4 Nc6 5. Nxc6 bxc6 6. Nc3 Nf6 7. Bd3 Be7 8.
O-O O-O 9. h3 Rb8 10. b3 Nd7 11. Be3 Bf6 12. Qd2 c5 13. Rad1 Ne5 14. Be2 g6 15.
Nd5 Bg7 16. f4 Nc6 17. f5 f6 18. Bc4 Kh8 19. fxg6 hxg6 20. Qe1 Be6 21. Nf4 Bxc4
22. Nxg6+ Kg8 23. bxc4 Re8 24. Bxc5 Qc8 25. Bf2 Qe6 26. c5 Rb4 27. cxd6 cxd6
28. Qd2 Rc4 29. Rfe1 Rxe4 30. Nf4 Qf5 31. Qxd6 Rxe1+ 32. Rxe1 Rxe1+ 33. Bxe1
Qxc2 34. Bf2 Ne5 35. Nd5 Qxa2 36. Qe6+ Kh8 37. Qe8+ Kh7 38. Qh5+ Kg8 39. Ne7+
Kf8 40. Bc5 Qa1+ 41. Kh2 Qc1 42. Ng6+ Kg8 43. Ne7+ Kf8 44. Ng6+ 1/2-1/2

[Event "Ch BLR U20 b"]
[Site "?"]
[Date "2015.04.03"]
[Round "2.1"]
[White "Siagodnik, A."]
[Black "Nikitenko, M."]
[Result "0-1"]
[WhiteElo "2264"]
[BlackElo "2346"]
[PlyCount "32"]
[EventDate "2015.??.??"]

1. g3 g6 2. Bg2 Bg7 3. c4 Nf6 4. Nc3 O-O 5. d4 d6 6. Nf3 c6 7. b4 c5 8. bxc5
dxc5 9. Rb1 cxd4 10. Nxd4 Ng4 11. e3 Nc6 12. Nce2 Nxd4 13. exd4 Qa5+ 14. Bd2
Qxa2 15. Rb4 Qa6 16. O-O Qd6 0-1

[Event "Ch BLR U20 b"]
[Site "?"]
[Date "2015.04.03"]
[Round "2.2"]
[White "Zarubitski, V."]
[Black "Ziaziulkina, N."]
[Result "1/2-1/2"]
[WhiteElo "2196"]
[BlackElo "2431"]
[PlyCount "145"]
[EventDate "2015.??.??"]

1. e4 c5 2. Nf3 d6 3. d4 cxd4 4. Nxd4 Nf6 5. Nc3 a6 6. Be3 e6 7. f3 b5 8. Qd2
Nbd7 9. g4 h6 10. O-O-O b4 11. Nce2 Qc7 12. h4 d5 13. g5 hxg5 14. exd5 Nxd5 15.
Bxg5 N7b6 16. Nf4 Bd6 17. Nxd5 Nxd5 18. Kb1 Be5 19. Qe1 Bb7 20. Bc4 f6 21. Bb3
O-O-O 22. Bc1 Rhe8 23. Rg1 Qb6 24. Ne2 Re7 25. Rg4 a5 26. Qg1 Qxg1 27. Rdxg1 f5
28. Rg6 Ba6 29. Bg5 Nf6 30. Bf4 Bd6 31. Bxd6 Rxd6 32. Nc1 Ne8 33. Ba4 Rd4 34.
Nb3 Rxh4 35. Nxa5 Nf6 36. Nb3 Bb7 37. Rxg7 Rxg7 38. Rxg7 Bxf3 39. a3 bxa3 40.
Nc5 axb2 41. Bb3 Bd5 42. Bxd5 exd5 43. Rf7 Ne4 44. Nd3 Nd6 45. Rf6 Kd7 46. Nc5+
Kc6 47. Nb7 Kxb7 48. Rxd6 Rd4 49. Rf6 f4 50. Kxb2 Kc7 51. Kc3 Re4 52. Kd3 Kd7
53. Rf7+ Kd6 54. Rf8 Ra4 55. Re8 Kd7 56. Re5 Kc6 57. Re8 Kd6 58. Re1 Kc5 59.
Re6 Ra3+ 60. c3 Ra4 61. Rf6 Re4 62. Rg6 Re3+ 63. Kd2 Rg3 64. Rf6 Rg2+ 65. Kd3
Rf2 66. Rg6 f3 67. Rf6 Rf1 68. Kd2 Kb5 69. Ke3 Kc4 70. Rc6+ Kb3 71. Rc5 Rc1 72.
Rxd5 Rxc3+ 73. Kf2 1/2-1/2

[Event "Ch BLR U20 b"]
[Site "?"]
[Date "2015.04.03"]
[Round "2.3"]
[White "Filipets, E."]
[Black "Savitski, A."]
[Result "1-0"]
[WhiteElo "2260"]
[BlackElo "2188"]
[PlyCount "91"]
[EventDate "2015.??.??"]

1. c4 Nf6 2. Nc3 e5 3. g3 d5 4. cxd5 Nxd5 5. Bg2 Nb6 6. Nf3 Nc6 7. d3 Be7 8. a3
a5 9. Be3 Be6 10. O-O Nd5 11. Nxd5 Bxd5 12. Rc1 a4 13. d4 e4 14. Ne5 O-O 15.
Qc2 f5 16. f3 exf3 17. Bxf3 Nxe5 18. dxe5 c6 19. Rfd1 Ra5 20. Bxd5+ cxd5 21.
Qc7 Rb5 22. Bd4 Qe8 23. e3 Bg5 24. e6 Bf6 25. Qd7 Bxd4 26. Rxd4 Rb6 27. Rc7
Qxd7 28. exd7 Rd6 29. Rxb7 Rd8 30. Rxa4 R8xd7 31. Raa7 Rxb7 32. Rxb7 Rc6 33. a4
Rc1+ 34. Kf2 Ra1 35. b3 Ra2+ 36. Kf3 g5 37. h3 h5 38. h4 g4+ 39. Kf4 d4 40.
exd4 Rf2+ 41. Ke5 f4 42. gxf4 g3 43. Rb6 Kg7 44. f5 g2 45. Rg6+ Kf7 46. a5 1-0

[Event "Ch BLR U20 b"]
[Site "?"]
[Date "2015.04.04"]
[Round "3.1"]
[White "Savitski, A."]
[Black "Siagodnik, A."]
[Result "0-1"]
[WhiteElo "2188"]
[BlackElo "2264"]
[PlyCount "84"]
[EventDate "2015.??.??"]

1. e4 e5 2. Nf3 Nf6 3. Nxe5 d6 4. Nf3 Nxe4 5. d4 d5 6. Bd3 Nc6 7. O-O Bg4 8.
Re1 Be7 9. c3 f5 10. Nbd2 O-O 11. Qb3 Kh8 12. Qxb7 Rf6 13. Qb3 Rg6 14. Bb5 Na5
15. Qa4 c6 16. Bf1 Bd6 17. Nxe4 fxe4 18. Ne5 Bxe5 19. dxe5 Bf3 20. Bf4 h5 21.
Bg3 Bg4 22. h4 Nb7 23. Qa3 Re6 24. c4 g5 25. hxg5 Qxg5 26. cxd5 cxd5 27. Qb3 h4
28. Qxb7 Rg8 29. Qxd5 hxg3 30. fxg3 Bf5 31. Qb3 Rh6 32. Qe3 Qh5 33. Be2 Bg4 34.
Bxg4 Qh2+ 35. Kf2 Rf8+ 36. Bf5 Rxf5+ 37. Ke2 Qxg2+ 38. Kd1 Rh1 39. Rxh1+ Qxh1+
40. Kd2 Qg2+ 41. Kc3 Rf3 42. Re1 Kg7 0-1

[Event "Ch BLR U20 b"]
[Site "?"]
[Date "2015.04.04"]
[Round "3.2"]
[White "Ziaziulkina, N."]
[Black "Filipets, E."]
[Result "1/2-1/2"]
[WhiteElo "2431"]
[BlackElo "2260"]
[PlyCount "79"]
[EventDate "2015.??.??"]

1. e4 c6 2. Nc3 d5 3. Nf3 dxe4 4. Nxe4 Nf6 5. Qe2 Nxe4 6. Qxe4 Nd7 7. Bc4 Nf6
8. Ne5 e6 9. Qe2 Bd6 10. d4 O-O 11. O-O Qc7 12. Bf4 b6 13. Rad1 Bb7 14. c3 Rad8
15. Bg3 Nd7 16. Bh4 Rde8 17. Rfe1 Be7 18. Bg3 Nxe5 19. Bxe5 Bd6 20. Bxd6 Qxd6
21. Qe4 Qc7 22. Bd3 g6 23. Qh4 Qe7 24. Qh6 c5 25. dxc5 Qxc5 26. Be4 Bxe4 27.
Rxe4 Rd8 28. Red4 Rxd4 29. Rxd4 Qe5 30. Qd2 Rc8 31. g3 Kg7 32. Kg2 Qc5 33. Qd3
Qc6+ 34. Kg1 Qc5 35. Qf3 Rc7 36. Qe4 Qc6 37. Qd3 Qc5 38. h4 Qe5 39. Kg2 Rc5 40.
c4 1/2-1/2

[Event "Ch BLR U20 b"]
[Site "?"]
[Date "2015.04.04"]
[Round "3.3"]
[White "Nikitenko, M."]
[Black "Zarubitski, V."]
[Result "1/2-1/2"]
[WhiteElo "2346"]
[BlackElo "2196"]
[PlyCount "41"]
[EventDate "2015.??.??"]

1. e4 c5 2. Nf3 e6 3. b3 Nc6 4. Bb2 d5 5. exd5 exd5 6. Bb5 Qe7+ 7. Be2 Nf6 8.
d4 Qd8 9. O-O Be7 10. dxc5 Bxc5 11. Nc3 O-O 12. Nb5 Ne4 13. Nbd4 Bg4 14. h3 Bh5
15. Nxc6 bxc6 16. Nd4 Bxe2 17. Qxe2 Qb6 18. Rad1 Rfe8 19. Qg4 Nf6 20. Qg3 Ne4
21. Qg4 1/2-1/2

[Event "Ch BLR U20 b"]
[Site "?"]
[Date "2015.04.05"]
[Round "4.1"]
[White "Siagodnik, A."]
[Black "Zarubitski, V."]
[Result "1-0"]
[WhiteElo "2264"]
[BlackElo "2196"]
[PlyCount "137"]
[EventDate "2015.??.??"]

1. d4 Nf6 2. c4 c6 3. Nf3 g6 4. Nbd2 d5 5. e3 Bg7 6. b4 O-O 7. Be2 Nbd7 8. Bb2
Re8 9. O-O Ne4 10. Rc1 Nxd2 11. Qxd2 dxc4 12. Bxc4 Nb6 13. Bb3 e5 14. Rfd1 e4
15. Ne5 Be6 16. Bxe6 Rxe6 17. Qc2 Nd5 18. b5 f6 19. bxc6 fxe5 20. cxb7 Rb8 21.
Qc8 Re8 22. dxe5 Rxc8 23. bxc8=Q Qxc8 24. Rxc8 Rxc8 25. Rxd5 Rb8 26. Bc1 Rb1
27. Rd1 Bxe5 28. Rf1 Ra1 29. a3 a5 30. g3 a4 31. Kg2 Bc3 32. h3 Rb1 33. g4 Ra1
34. f3 exf3+ 35. Kf2 Rb1 36. Rd1 Kf7 37. Kxf3 Ke6 38. Ke2 Ke5 39. Kd3 Rb3 40.
Kc2 Ba5 41. Rd4 Rc3+ 42. Kd1 Bb6 43. Rxa4 Kd5 44. Bd2 Rc7 45. Ke2 Rc2 46. Kd3
Ra2 47. Ra6 Bc7 48. a4 Ra3+ 49. Bc3 Bd6 50. Kc2 Ra2+ 51. Kb3 Re2 52. Bd4 Rh2
53. Rb6 Rxh3 54. a5 Bf4 55. Rb5+ Kc6 56. Kc4 Rxe3 57. Rb6+ Kc7 58. Bxe3 Bxe3
59. Re6 Bg5 60. Kb5 Kb7 61. a6+ Ka8 62. Re8+ Ka7 63. Rg8 Bf6 64. Rf8 Be5 65.
Rf7+ Ka8 66. a7 h5 67. Ka6 Bd6 68. Rd7 Bc7 69. Rxc7 1-0

[Event "Ch BLR U20 b"]
[Site "?"]
[Date "2015.04.05"]
[Round "4.2"]
[White "Filipets, E."]
[Black "Nikitenko, M."]
[Result "0-1"]
[WhiteElo "2260"]
[BlackElo "2346"]
[PlyCount "128"]
[EventDate "2015.??.??"]

1. c4 Nf6 2. Nc3 g6 3. g3 Bg7 4. Bg2 O-O 5. Nf3 d6 6. O-O c6 7. d3 e5 8. Rb1 a5
9. a3 Re8 10. b4 axb4 11. axb4 d5 12. Nd2 Be6 13. b5 Nbd7 14. Bb2 Qe7 15. Qb3
Bh6 16. e3 d4 17. Nd1 Ng4 18. bxc6 bxc6 19. Re1 Reb8 20. Qc2 Ra2 21. exd4 exd4
22. h3 Qb4 23. Re2 Ngf6 24. Bxc6 Bxh3 25. Nf1 Qd6 26. Bh1 Nc5 27. f4 Nh5 28.
Bg2 Bg4 29. Rd2 Bd7 30. Re2 Ba4 31. Qd2 Nxf4 32. gxf4 Bxf4 33. Nde3 Nb3 34. Qd1
Nc5 35. Qd2 Rb3 36. Qa5 dxe3 37. d4 Nd3 38. c5 Qb8 39. Bd5 Raxb2 40. Bxb3 Rxb1
41. Bxa4 Nc1 42. Re1 e2 43. Bc2 exf1=Q+ 44. Kxf1 Nb3 45. Rxb1 Nxa5 46. Rxb8+
Bxb8 47. Ke2 Nc6 48. Ke3 h5 49. Be4 Nd8 50. d5 f5 51. Bg2 Kf7 52. Kd4 f4 53. d6
g5 54. Ke5 Kg7 55. Bd5 Kg6 56. Be4+ Kh6 57. Kf6 g4 58. Ke7 Ba7 59. c6 Nxc6+ 60.
Bxc6 f3 61. Kf6 f2 62. Bb5 h4 63. Kf5 h3 64. d7 Bb6 0-1

[Event "Ch BLR U20 b"]
[Site "?"]
[Date "2015.04.05"]
[Round "4.3"]
[White "Savitski, A."]
[Black "Ziaziulkina, N."]
[Result "0-1"]
[WhiteElo "2188"]
[BlackElo "2431"]
[PlyCount "58"]
[EventDate "2015.??.??"]

1. d4 d5 2. c4 c6 3. Nf3 Nf6 4. Nc3 e6 5. Bg5 Nbd7 6. e3 Qa5 7. Bxf6 Nxf6 8.
Bd3 Bb4 9. Qc2 dxc4 10. Bxc4 c5 11. O-O cxd4 12. exd4 Bxc3 13. bxc3 O-O 14.
Rab1 b6 15. Rb5 Qa3 16. Rb3 Qd6 17. Bd3 Bb7 18. Ng5 Qd5 19. Bxh7+ Kh8 20. f4 g6
21. c4 Qxd4+ 22. Kh1 Be4 23. Qc1 Bf5 24. Rd1 Qc5 25. Qb2 Kg7 26. h4 Rad8 27.
Rg1 Qd4 28. Qxd4 Rxd4 29. g4 Bxg4 0-1

[Event "Ch BLR U20 b"]
[Site "?"]
[Date "2015.04.06"]
[Round "5.1"]
[White "Ziaziulkina, N."]
[Black "Siagodnik, A."]
[Result "1-0"]
[WhiteElo "2431"]
[BlackElo "2264"]
[PlyCount "77"]
[EventDate "2015.??.??"]

1. e4 e5 2. Nf3 Nf6 3. Nxe5 d6 4. Nf3 Nxe4 5. Nc3 Nxc3 6. dxc3 Be7 7. Be3 Nc6
8. Qd2 Bf6 9. O-O-O Be6 10. Kb1 h6 11. h3 Qd7 12. Be2 O-O-O 13. Nd4 Bxd4 14.
cxd4 d5 15. g4 Ne7 16. Bf4 f5 17. Rhe1 Rhf8 18. g5 hxg5 19. Bxg5 Rde8 20. h4
Kb8 21. Bh5 Bf7 22. Rxe7 Rxe7 23. Bxe7 Qxe7 24. Re1 Qd7 25. Bxf7 Qxf7 26. Qg5
Re8 27. Re5 a6 28. a3 g6 29. h5 gxh5 30. Rxf5 Qd7 31. Rxd5 Re1+ 32. Ka2 Qc6 33.
Rc5 Qd7 34. Rd5 Qc6 35. Qd8+ Ka7 36. Rc5 Qe6+ 37. d5 Qf7 38. Rxc7 Qxf2 39. Rc8
1-0

[Event "Ch BLR U20 b"]
[Site "?"]
[Date "2015.04.06"]
[Round "5.2"]
[White "Nikitenko, M."]
[Black "Savitski, A."]
[Result "1/2-1/2"]
[WhiteElo "2346"]
[BlackElo "2188"]
[PlyCount "37"]
[EventDate "2015.??.??"]

1. e4 g6 2. d4 Bg7 3. Nc3 c6 4. Nf3 d5 5. h3 dxe4 6. Nxe4 Nf6 7. Bd3 Nxe4 8.
Bxe4 Bf5 9. Bxf5 Qa5+ 10. c3 Qxf5 11. Qb3 Qc8 12. Ne5 O-O 13. Ng4 Nd7 14. Nh6+
Bxh6 15. Bxh6 Re8 16. O-O-O a5 17. Rhe1 b5 18. d5 Nf6 19. dxc6 1/2-1/2

[Event "Ch BLR U20 b"]
[Site "?"]
[Date "2015.04.06"]
[Round "5.3"]
[White "Zarubitski, V."]
[Black "Filipets, E."]
[Result "1-0"]
[WhiteElo "2196"]
[BlackElo "2260"]
[PlyCount "91"]
[EventDate "2015.??.??"]

1. e4 g6 2. d4 Bg7 3. Nf3 d6 4. Nc3 Nf6 5. Be3 O-O 6. Qd2 d5 7. e5 Ne4 8. Nxe4
dxe4 9. Ng5 c5 10. dxc5 Qxd2+ 11. Bxd2 Bxe5 12. O-O-O f5 13. Bc4+ Kg7 14. f3 h6
15. Ne6+ Bxe6 16. Bxe6 exf3 17. gxf3 Nc6 18. Be3 Rad8 19. c3 Kf6 20. Bc4 g5 21.
Kc2 Rxd1 22. Rxd1 Rd8 23. Re1 Bc7 24. b4 Ne5 25. Be2 Ng6 26. Bg1 h5 27. b5 g4
28. b6 axb6 29. cxb6 Bb8 30. fxg4 hxg4 31. a4 Rh8 32. Bc4 e5 33. Rd1 e4 34. Rd7
Ne5 35. Bd4 Rxh2+ 36. Kb3 Rh8 37. Rxb7 g3 38. a5 Rd8 39. Rxb8 Rxb8 40. a6 g2
41. a7 Rd8 42. b7 Rxd4 43. cxd4 Nc6 44. a8=Q Nxd4+ 45. Kb2 g1=Q 46. Qf8+ 1-0

[Event "Ch BLR U20 b"]
[Site "?"]
[Date "2015.04.07"]
[Round "6.1"]
[White "Siagodnik, A."]
[Black "Filipets, E."]
[Result "0-1"]
[WhiteElo "2264"]
[BlackElo "2260"]
[PlyCount "145"]
[EventDate "2015.??.??"]

1. Nf3 g6 2. g3 Bg7 3. Bg2 c5 4. O-O Nc6 5. d3 Nf6 6. c3 O-O 7. Qa4 Rb8 8. Qh4
Re8 9. e4 d6 10. d4 cxd4 11. cxd4 Bg4 12. Nbd2 h6 13. e5 dxe5 14. dxe5 Nxe5 15.
Nxe5 g5 16. Qxg4 Nxg4 17. Nxg4 Rc8 18. Nb3 a5 19. a4 Qb6 20. Ra3 f5 21. Ne3 e6
22. Bd2 f4 23. Bxa5 Qa6 24. Nd1 b6 25. Bc3 Bf8 26. Ra1 Red8 27. Nd4 Qc4 28. b3
Qd3 29. Nxe6 Re8 30. Nxf8 Kxf8 31. Rc1 Kg8 32. Nb2 Qf5 33. Nc4 Rxc4 34. bxc4 f3
35. Rfe1 Rxe1+ 36. Bxe1 fxg2 37. a5 Qd3 38. Kxg2 Qa3 39. Bd2 Qa2 40. Be1 Qa3
41. Bd2 Qa2 42. Be1 Qa3 43. Bd2 Qd3 44. Be1 Qa3 45. Bd2 bxa5 46. c5 Qa2 47. Be1
Qb2 48. Rc3 Qb1 49. Bd2 Qe4+ 50. Kg1 Qe2 51. c6 Qxd2 52. Rc5 Qb4 53. Rc1 Qb2
54. Rc5 Qb6 55. Rc1 Qc7 56. Kf1 Kf7 57. Ke2 Ke7 58. Rc2 Kd8 59. Kd1 g4 60. Kc1
Kc8 61. Kb1 Qb6+ 62. Rb2 Qa6 63. Rc2 Kc7 64. Kb2 Qb5+ 65. Ka2 Qa4+ 66. Kb2
Qxc2+ 67. Kxc2 Kxc6 68. Kb3 Kd5 69. Ka4 Ke4 70. Kxa5 Kf3 71. Kb4 Kxf2 72. Kc4
Kg2 73. Kd4 0-1

[Event "Ch BLR U20 b"]
[Site "?"]
[Date "2015.04.07"]
[Round "6.2"]
[White "Zarubitski, V."]
[Black "Savitski, A."]
[Result "1/2-1/2"]
[WhiteElo "2196"]
[BlackElo "2188"]
[PlyCount "130"]
[EventDate "2015.??.??"]

1. e4 e5 2. Nf3 d6 3. d4 Nd7 4. Bc4 Be7 5. c3 Ngf6 6. Nbd2 O-O 7. O-O c6 8. Bb3
b5 9. Re1 Qc7 10. Nf1 a5 11. a4 Nb6 12. Ng3 Nxa4 13. Bxa4 bxa4 14. Nf5 Bxf5 15.
exf5 e4 16. Nd2 d5 17. Rxa4 Qd7 18. f3 Qxf5 19. fxe4 dxe4 20. Qe2 c5 21. Nxe4
Qd7 22. Rc4 Nxe4 23. Qxe4 Rae8 24. Qd3 cxd4 25. cxd4 Bf6 26. Bd2 Qd5 27. Rxe8
Rxe8 28. Bc3 Qg5 29. Qd2 Qf5 30. h3 Qb1+ 31. Kh2 Qf1 32. Qe1 Qf4+ 33. Qg3 Qf1
34. Qe1 Qf4+ 35. Qg3 Qe4 36. Qg4 Qa8 37. Rc5 a4 38. Ra5 Qc6 39. d5 Qb6 40. Bxf6
Qxf6 41. Rxa4 Qxb2 42. Rd4 Qe2 43. Qxe2 Rxe2 44. Kg3 Kf8 45. Kf3 Re5 46. Kf4 f6
47. Kf3 Ke7 48. Ra4 Rxd5 49. Ra6 Kf7 50. Ra7+ Kg6 51. Rb7 h5 52. Kg3 Kh6 53. h4
Rd4 54. Rb6 Kg6 55. Rb5 Re4 56. Ra5 Re5 57. Ra7 Re3+ 58. Kf4 Rd3 59. Ra5 Rd6
60. Rb5 Kh6 61. Ra5 Rd2 62. Kg3 g6 63. Ra6 f5 64. Ra7 f4+ 65. Kf3 Rd4 {Ke4}
1/2-1/2

[Event "Ch BLR U20 b"]
[Site "?"]
[Date "2015.04.07"]
[Round "6.3"]
[White "Nikitenko, M."]
[Black "Ziaziulkina, N."]
[Result "1-0"]
[WhiteElo "2346"]
[BlackElo "2431"]
[PlyCount "99"]
[EventDate "2015.??.??"]

1. Nf3 d5 2. g3 Bg4 3. Bg2 e6 4. O-O Nf6 5. d3 Nbd7 6. Nbd2 Bc5 7. Qe1 O-O 8.
e4 Bb6 9. Nh4 Bh5 10. Kh1 c5 11. f4 c4 12. dxc4 Ng4 13. c5 Bxc5 14. Nb3 dxe4
15. Bxe4 Qb6 16. Nxc5 Nxc5 17. Bf3 Nf6 18. Bg2 Rac8 19. b3 Rfd8 20. Bb2 Ncd7
21. c4 Ng4 22. Qe2 Ndf6 23. Bf3 Qe3 24. Qxe3 Nxe3 25. Bxf6 gxf6 26. Bxh5 Nxf1
27. Rxf1 Rd2 28. f5 Kg7 29. Nf3 Rd6 30. Rf2 Rc5 31. Bg4 b5 32. Nd2 Rd4 33. Bh3
bxc4 34. bxc4 e5 35. Bf1 Rc6 36. Nb3 Rd1 37. Kg2 Kf8 38. Rc2 Ke7 39. c5 Rc7 40.
Be2 Rd8 41. Bf3 Rb8 42. c6 Rb5 43. Nc5 Rb6 44. Na4 e4 45. Bxe4 Rb4 46. Nc3 Kd6
47. Rd2+ Kc5 48. Nd5 Rxe4 49. Nxc7 Kxc6 50. Rc2+ 1-0

[Event "Ch BLR U20 b"]
[Site "?"]
[Date "2015.04.08"]
[Round "7.1"]
[White "Nikitenko, M."]
[Black "Siagodnik, A."]
[Result "1-0"]
[WhiteElo "2346"]
[BlackElo "2264"]
[PlyCount "91"]
[EventDate "2015.??.??"]

1. Nf3 f5 2. g3 Nf6 3. Bg2 g6 4. O-O Bg7 5. c4 O-O 6. Nc3 d6 7. d4 Nc6 8. d5
Na5 9. Qa4 c5 10. dxc6 Nxc6 11. Rd1 Bd7 12. c5 dxc5 13. Qb3+ Kh8 14. Qxb7 Rb8
15. Qa6 Qb6 16. Qxb6 Rxb6 17. Na4 Rb5 18. Be3 Be8 19. Nxc5 Rxb2 20. Ne6 Rg8 21.
Nfg5 h6 22. Nxg7 Kxg7 23. Ne6+ Kf7 24. Nc7 Nb4 25. Rab1 Rxb1 26. Rxb1 Nxa2 27.
Nd5 Bd7 28. Nxf6 Kxf6 29. Rb7 Rd8 30. Rxa7 Be6 31. Bxh6 Rd1+ 32. Bf1 Nc3 33.
Kg2 Bc4 34. h4 Ne4 35. Rc7 Bd5 36. f3 Nd2 37. Bg5+ Ke6 38. Rxe7+ Kd6 39. Rg7
Nxf1 40. Rxg6+ Be6 41. h5 Re1 42. h6 Nd2 43. Be3 Rxe2+ 44. Bf2 Ne4 45. fxe4
fxe4 46. h7 1-0

[Event "Ch BLR U20 b"]
[Site "?"]
[Date "2015.04.08"]
[Round "7.2"]
[White "Savitski, A."]
[Black "Filipets, E."]
[Result "0-1"]
[WhiteElo "2188"]
[BlackElo "2260"]
[PlyCount "152"]
[EventDate "2015.??.??"]

1. e4 e6 2. d3 d5 3. Nd2 c5 4. g3 Nc6 5. Bg2 g6 6. Ne2 Bg7 7. O-O Nge7 8. f4
O-O 9. c3 b5 10. Nb3 c4 11. Nbd4 cxd3 12. Nxc6 dxe2 13. Nxe7+ Qxe7 14. Qxe2
dxe4 15. Bxe4 Bb7 16. Qf3 Rab8 17. a3 a5 18. Be3 b4 19. axb4 axb4 20. Ra7 Bxe4
21. Qxe4 Qd6 22. Bd4 bxc3 23. bxc3 Bxd4+ 24. Qxd4 Qxd4+ 25. cxd4 Rfd8 26. Ra4
h5 27. Kg2 Kg7 28. Rf2 Kf6 29. Rd2 Rd5 30. Ra3 Kf5 31. Kf3 Rb4 32. Rad3 Rb7 33.
h3 Kf6 34. Re3 Ke7 35. Re5 Kd6 36. Re3 Rb4 37. Red3 Rdb5 38. Rc3 Rb7 39. g4
R7b5 40. Ke3 Kd5 41. Rdd3 Rb1 42. Rc5+ Rxc5 43. dxc5+ Kxc5 44. Rd7 Rb3+ 45. Kf2
Rxh3 46. g5 e5 47. Rxf7 exf4 48. Rf6 Kd5 49. Rxg6 Ke4 50. Rf6 Rg3 51. g6 Ke5
52. Rf8 Rxg6 53. Rh8 Rg5 54. Kf3 Rg3+ 55. Kf2 Rh3 56. Kg2 Re3 57. Rxh5+ Ke4 58.
Kf2 Rf3+ 59. Ke2 Re3+ 60. Kf2 Rd3 61. Rh8 Rd2+ 62. Ke1 Ra2 63. Rb8 Kf3 64. Rf8
Ra1+ 65. Kd2 Rf1 66. Rf7 Kg2 67. Rg7+ Kf2 68. Rf7 f3 69. Rf8 Rg1 70. Rf7 Rg6
71. Kd3 Rg8 72. Rf6 Rd8+ 73. Kc2 Ke2 74. Re6+ Kf1 75. Rf6 f2 76. Rf7 Rg8 0-1

[Event "Ch BLR U20 b"]
[Site "?"]
[Date "2015.04.09"]
[Round "8.1"]
[White "Siagodnik, A."]
[Black "Savitski, A."]
[Result "1-0"]
[WhiteElo "2224"]
[BlackElo "2188"]
[PlyCount "99"]
[EventDate "2015.??.??"]

1. Nf3 Nf6 2. g3 b5 3. Bg2 Bb7 4. O-O e6 5. d3 Be7 6. c4 bxc4 7. dxc4 O-O 8.
Nc3 Na6 9. a3 Nc5 10. b4 Nce4 11. Bb2 c5 12. Nxe4 Bxe4 13. Qd2 Qb6 14. Bc3 a5
15. bxa5 Qa6 16. Rac1 Rfd8 17. Qe3 d5 18. Bxf6 Bxf6 19. cxd5 exd5 20. Rxc5 Qa7
21. Qc1 Bb2 22. Qe3 d4 23. Qxe4 Qxc5 24. Ne5 Re8 25. Qb1 Qxe5 26. Bxa8 d3 27.
Bc6 dxe2 28. Bxe8 exf1=Q+ 29. Kxf1 Bxa3 30. Bxf7+ Kf8 31. Qb6 Bc5 32. Qe6 Qxe6
33. Bxe6 Ke7 34. Bg8 h6 35. Ke2 Kd6 36. f3 Bg1 37. a6 Ke5 38. Kd3 Kd6 39. Bc4
Ke5 40. h3 Bb6 41. f4+ Kf5 42. Bb5 Ke6 43. Ke4 Bf2 44. Bc4+ Kd6 45. Kf5 Kc6 46.
g4 Be3 47. Kg6 Bd4 48. h4 Bf6 49. g5 hxg5 50. fxg5 1-0

[Event "Ch BLR U20 b"]
[Site "?"]
[Date "2015.04.09"]
[Round "8.2"]
[White "Zarubitski, V."]
[Black "Nikitenko, M."]
[Result "0-1"]
[WhiteElo "2196"]
[BlackElo "2346"]
[PlyCount "88"]
[EventDate "2015.??.??"]

1. e4 d5 2. exd5 Qxd5 3. Nc3 Qa5 4. d4 Nf6 5. Bc4 Bf5 6. Nf3 c6 7. Bd2 Qc7 8.
Ne5 e6 9. g4 Bg6 10. Qe2 Nbd7 11. Nxg6 hxg6 12. g5 Nh5 13. d5 Nf4 14. Bxf4 Qxf4
15. dxe6 Ne5 16. exf7+ Kd8 17. Bd3 Nf3+ 18. Kd1 Kc7 19. Ne4 Rd8 20. Qe3 Qxf7
21. Qxa7 Rd5 22. Qe3 Bb4 23. Kc1 Re8 24. Rd1 Bc5 25. Qe2 Qf4+ 26. Kb1 Rxe4 27.
Bxe4 Rxd1+ 28. Qxd1 Nd2+ 29. Kc1 Nxe4+ 30. Kb1 Nd2+ 31. Kc1 Nb3+ 32. Kb1 Nxa1
33. Kxa1 Qxf2 34. b4 Qg1 35. Qxg1 Bxg1 36. h3 Bd4+ 37. Kb1 Kd6 38. c4 Bc3 39.
a3 Ke5 40. Kc2 Kd4 41. Kb3 Bd2 42. a4 c5 43. b5 Bb4 44. h4 Ba5 0-1

[Event "Ch BLR U20 b"]
[Site "?"]
[Date "2015.04.10"]
[Round "9.1"]
[White "Zarubitski, V."]
[Black "Siagodnik, A."]
[Result "1/2-1/2"]
[WhiteElo "2196"]
[BlackElo "2264"]
[PlyCount "139"]
[EventDate "2015.??.??"]

1. e4 e5 2. Nf3 Nf6 3. Nxe5 d6 4. Nf3 Nxe4 5. Nc3 Nf6 6. d4 Be7 7. Bd3 O-O 8.
h3 c6 9. a4 Re8 10. O-O Nbd7 11. a5 Nf8 12. Ne2 Ng6 13. Nf4 Qc7 14. Nxg6 hxg6
15. Bf4 Bf5 16. Bxf5 gxf5 17. c4 Qd7 18. Qb3 Ne4 19. d5 c5 20. Nd2 Bf6 21. f3
Bd4+ 22. Kh2 Nxd2 23. Bxd2 Re2 24. Bc3 Qe7 25. Rae1 Bxc3 26. Qxc3 Re8 27. Rxe2
Qxe2 28. Rc1 Re3 29. Rc2 Rxc3 30. Rxe2 Rxc4 31. Re8+ Kh7 32. Rd8 Rb4 33. Rxd6
Rxb2 34. Rd7 c4 35. Rxf7 Rb5 36. d6 Rxa5 37. Rxb7 Rd5 38. d7 a5 39. Rc7 Kg6 40.
Kg3 Kf6 41. h4 Ke6 42. Rxc4 Rxd7 43. Kf4 g6 44. Kg5 Kf7 45. Rc6 Rd2 46. g4 fxg4
47. Rc7+ Kg8 48. fxg4 Rd4 49. Rc6 Kh7 50. Ra6 a4 51. Ra7+ Kg8 52. Ra8+ Kh7 53.
Ra5 Rc4 54. Ra7+ Kg8 55. h5 gxh5 56. Kxh5 Rb4 57. g5 Rb6 58. Rxa4 Rc6 59. Ra8+
Kg7 60. Ra7+ Kg8 61. Kg4 Rc5 62. Kh5 Rc6 63. g6 Rc1 64. Ra4 Rh1+ 65. Rh4 Rxh4+
66. Kxh4 Kg7 67. Kg5 Kg8 68. Kf6 Kf8 69. g7+ Kg8 70. Kg6 1/2-1/2

[Event "Ch BLR U20 b"]
[Site "?"]
[Date "2015.04.10"]
[Round "9.2"]
[White "Nikitenko, M."]
[Black "Filipets, E."]
[Result "1/2-1/2"]
[WhiteElo "2346"]
[BlackElo "2260"]
[PlyCount "162"]
[EventDate "2015.??.??"]

1. e4 e6 2. d4 d5 3. Nd2 Nf6 4. e5 Nfd7 5. f4 c5 6. c3 Nc6 7. Ndf3 Qb6 8. g3
cxd4 9. cxd4 Bb4+ 10. Kf2 g5 11. Be3 g4 12. Nh4 Be7 13. b3 Bxh4 14. gxh4 f5 15.
h3 h5 16. hxg4 hxg4 17. Ne2 Qd8 18. h5 b6 19. Ng3 Bb7 20. Rc1 Rc8 21. Bd3 O-O
22. h6 Kh8 23. Qe2 Qe7 24. Ba6 Bxa6 25. Qxa6 Ndb8 26. Qe2 Rc7 27. Kg2 Rfc8 28.
Bf2 Nb4 29. Qd2 Rc2 30. a3 Rxc1 31. Rxc1 Rxc1 32. Qxc1 N4c6 33. b4 a6 34. Qh1
Nd7 35. Qc1 Ndb8 36. Qh1 Qf7 37. Qh4 Qg6 38. Qg5 Kh7 39. Nh5 Nd7 40. Ng7 Nf8
41. Ne8 Qxg5 42. fxg5 f4 43. Nf6+ Kg6 44. Nxg4 Kxg5 45. Kf3 Nh7 46. Nh2 Ne7 47.
Ng4 Nf5 48. a4 b5 49. a5 Ne7 50. Be1 Kf5 51. Nf6 Nxf6 52. exf6 Ng6 53. f7 Kf6
54. Bd2 Kxf7 55. Bxf4 Ne7 56. Bd6 Nf5 57. h7 Kg7 58. Bc5 Kxh7 59. Kf4 Kg6 60.
Ke5 Kf7 61. Bd6 Ne3 62. Bc5 Nc4+ 63. Kf4 Kf6 64. Bb6 Ke7 65. Bc5+ Kd7 66. Bf8
Nd6 67. Ke5 Nb7 68. Kf6 Nd6 69. Ke5 Ne4 70. Bc5 Nd2 71. Kf6 Nf1 72. Bf8 Ng3 73.
Bc5 Nf5 74. Bb6 Ne7 75. Ba7 Nc6 76. Bc5 Nd8 77. Bb6 Nb7 78. Ba7 Nd6 79. Bc5
Ne4+ 80. Ke5 Ke8 81. Bd6 Kd7 {Kxe4} 1/2-1/2